Law of the constitution Emlyn C S Wade (Record no. 1047204)

MARC details
000 -LEADER
fixed length control field 00629nam a2200253Ia 4500
003 - CONTROL NUMBER IDENTIFIER
control field OSt
005 - DATE AND TIME OF LATEST TRANSACTION
control field 20221005123348.0
008 - FIXED-LENGTH DATA ELEMENTS--GENERAL INFORMATION
fixed length control field 221004b |||||||| |||| 00| 0 eng d
037 ## - SOURCE OF ACQUISITION
Terms of availability Textual
040 ## - CATALOGING SOURCE
Original cataloging agency CRL
Transcribing agency CRL
Language of cataloging eng
041 ## - LANGUAGE CODE
Source of code eng
Language code of text/sound track or separate title eng
100 ## - MAIN ENTRY--PERSONAL NAME
Personal name Wade Emlyn C S Au.
9 (RLIN) 633593
245 #0 - TITLE STATEMENT
Title Law of the constitution Emlyn C S Wade
250 ## - EDITION STATEMENT
Edition statement 9th ed
260 ## - PUBLICATION, DISTRIBUTION, ETC.
Date of publication, distribution, etc. 1938
300 ## - PHYSICAL DESCRIPTION
Extent 682
Dimensions cm.
650 ## - SUBJECT ADDED ENTRY--TOPICAL TERM
Topical term or geographic name entry element LAW
942 ## - ADDED ENTRY ELEMENTS (KOHA)
Classification part V3:2:9Z, H14
Koha item type Textual
Source of classification or shelving scheme
Holdings
Withdrawn status Lost status Damaged status Not for loan Home library Current library Date acquired Total Checkouts Full call number Barcode Date last seen Price effective from Koha item type
        Central Library Central Library 2022-10-05   V3:2:9Z H14 CL0034147 2022-10-05 2022-10-05 Textual
Copyright @ Delhi University Library System